Joueurs espagnols ayant joué à Manchester City - Statistiques

Statistiques générales
  • Ce quiz a été pris 36 fois
  • Le résultat moyen est 8 sur 24
Statistiques - réponses
Année d'arrivée Année de départ Club précédant Club suivant Nombre de match Joueurs % Correct
2019 En cours Atlético de Madrid En cours 298 Rodri
91%
2018 2023 Athletic Bilbao Al-Nassr FC 180 Aymeric Laporte
76%
2010 2020 FC Valence Real Sociedad 436 David Silva
76%
2020 2022 FC Valence FC Barcelone 43 Ferran Torres
76%
2025 En cours FC Porto En cours 57 Nico González
59%
2013 2017 Séville FC Séville FC 183 Jesús Navas
56%
2019 2021 Manchester City U21 FC Barcelone 35 Eric García
53%
2015 2020 Villarreal CF Dinamo Bucarest 9 Aleix García
47%
2012 2014 SL Benfica Zénith Saint-Petersbourg 76 Javi García
47%
2015 2019 Manchester City U18 Sporting de Gijón 4 Manu García
47%
2013 2015 Séville FC FC Valence 49 Álvaro Negredo
35%
2019 2021 PSV Eindhoven RB Leipzig 12 Angeliño
35%
2014 2018 Manchester City U23 PSV Eindhoven 3 Angeliño
35%
2016 2017 Celta Vigo Séville FC 30 Nolito
35%
2022 2024 RSC Anderlecht Real Sociedad 38 Sergio Gómez
32%
2019 2022 Girona FC Sporting CP 0 Pedro Porro
12%
2018 2021 Manchester City U23 Parme Calcio 5 Adrián Bernabé
3%
2011 2013 Manchester City U21 FC Barcelone B 2 Denis Suárez
3%
2023 2026 Manchester City U21 Kocaelispor 1 Mahamadou Susoho
3%
2006 2006 Espanyol Barcelone Espanyol Barcelone 18 Albert Riera
0%
2007 2010 Real Sociedad Lazio Rome 63 Javier Garrido
0%
2014 2015 Manchester City U18 UD Almería 4 José Pozo
0%
2016 2019 Gimnàstic de Tarragona CR Flamengo 0 Pablo Marí
0%
2015 2017 SD Ponferradina Deportivo Alavés 0 Rubén Sobrino
0%
Aucun quiz correspondant
Distribution des résultats
% des personnes avec chaque résultat
Percentile par nombre de réponses
Votre historique - résultats
Vous n’avez pas pris ce quiz